Chia sẻ ảnh trên Internet với Flickr
Trình bày các nội dung về Flickr : cách đăng ký; tải và tổ chức hình ảnh; in ấn; bạn và bạn bè; tham gia cộng đồng; giao tiếp; Flickr, Weblog và điện thoại chụp hình.
Đã lưu trong:
| Tác giả chính: | |
|---|---|
| Định dạng: | Sách |
| Ngôn ngữ: | Undetermined |
| Được phát hành: |
Hà Nội
Lao động - Xã hội
2008
|
| Những chủ đề: | |
| Các nhãn: |
Thêm thẻ
Không có thẻ, Là người đầu tiên thẻ bản ghi này!
|
| Thư viện lưu trữ: | Trung tâm Học liệu Trường Đại học Cần Thơ |
|---|
| LEADER | 00883nam a2200205Ia 4500 | ||
|---|---|---|---|
| 001 | CTU_174220 | ||
| 008 | 210402s9999 xx 000 0 und d | ||
| 020 | |c 68000 | ||
| 082 | |a 775 | ||
| 082 | |b H407 | ||
| 100 | |a Lê, Minh Hoàng | ||
| 245 | 0 | |a Chia sẻ ảnh trên Internet với Flickr | |
| 245 | 0 | |c Lê Minh Hoàng (Chủ biên) | |
| 260 | |a Hà Nội | ||
| 260 | |b Lao động - Xã hội | ||
| 260 | |c 2008 | ||
| 520 | |a Trình bày các nội dung về Flickr : cách đăng ký; tải và tổ chức hình ảnh; in ấn; bạn và bạn bè; tham gia cộng đồng; giao tiếp; Flickr, Weblog và điện thoại chụp hình. | ||
| 650 | |a Flickr (Electronic resource),Flickr (Tài nguyên điện tử) | ||
| 904 | |i Nguyễn Trung Hiếu, Hải | ||
| 980 | |a Trung tâm Học liệu Trường Đại học Cần Thơ | ||